000 01467cam a22004457i 4500
001 5573
003 FISKH
005 20260310151307.0
008 140822s2014 nyua j 000 1 eng d
010 _a 2012278140
020 _a0375973478
020 _a9780375973475
020 _a9780385384230 (pbk.)
020 _a0385384238 (pbk.)
040 _aYDXCP
_beng
_cYDXCP
_dBTCTA
_erda
050 _aPZ7.D4396
082 _a813.6
100 1 _aDepken, Kristen L.,
_eauthor.
245 1 0 _aI can be a gymnast /
_cby Kristen L. Depken ; illustrated by Tino Santanach & Joaquin Canizares.
260 _aNew York :
_bRandom House,
_c2014.
300 _a32 pages :
_bcolor illustrations ;
_c23 cm.
336 _atext
_2rdacontent
336 _astill image
_2rdacontent
337 _aunmediated
_2rdamedia
338 _avolume
_2rdacarrier
490 1 _aStep into reading. Step 1, ready to read
500 _aAt head of title: Barbie.
505 _aH
520 _aBarbie joins a gymnastics team and takes part in a competition.
521 8 _a370
_bLexile
521 8 _aH
_bRaz-Plus
600 0 0 _aBarbie
_c(Fictitious character)
_vJuvenile fiction.
650 0 _aGymnastics
_vJuvenile fiction.
650 0 _aTeamwork (Sports)
_vJuvenile fiction.
700 1 _aSantanach, Tino,
_eillustrator.
700 1 _aCanizares, Joaquin,
_eillustrator.
906 _a7
_bcbc
_ccopycat
_d2
_encip
_f20
_gy-gencatlg
942 _2ddc
_cBK
_n0
999 _c5573
_d5573